000 00737cam a2200229 a 4500
008
020 _a0020106637(hbk)
049 _aMAIN
090 _aZ253.532.P6
245 0 0 _aReal world PostScript :
_btechniques from PostScript professionals /
_cedited by Stephen F. Roth.
260 _aMassachusetts. :
_bAddison-Wesley,
_cc1988.
300 _axiv, 383 p. :
_bill. ( col.) ;
_c24 cm.
500 _aIncludes index.
650 0 _aDesktop publishing.
650 0 _aPostScript (Computer program language)
653 _aDesktop publishing
_aSoftware
907 _a.b10069033
_b11-11-05
_c17-04-03
003
005 20230123134116.0
040 _cNUST
942 _cBOOKS
_kZ253.532.P6
999 _c160187
_d160187